[Event "Ruhrgebiet Bezirksliga 16/17"]
[Site "Ruhrgebiet"]
[Date "2017.03.05"]
[Round "9.6"]
[White "Paetzold, Karl Heinz"]
[Black "Zimmer, Tobias"]
[Result "1/2-1/2"]
[WhiteElo "1745"]
[BlackElo "1697"]
[PlyCount "76"]
[EventDate "2016.08.28"]
[EventType "team-tourn"]
[EventRounds "11"]
[EventCountry "GER"]
[SourceTitle "EXT 2022"]
[Source "ChessBase"]
[SourceDate "2021.10.06"]
[SourceVersion "1"]
[SourceVersionDate "2021.10.06"]
[SourceQuality "1"]
[WhiteTeam "Hamm SG Caissa"]
[BlackTeam "Werl SC 1981"]
[WhiteTeamCountry "GER"]
[BlackTeamCountry "GER"]

1. d4 Nf6 2. c4 g6 3. Nc3 Bg7 4. Nf3 0-0 5. Bg5 d6 6. h3 Nbd7 7. e3 c5 8. d5 Qa5 9. Qd2 h6 10. Bf4 Nh5 11. Bh2 f5 12. Be2 Nhf6 13. 0-0 a6 14. Bd3 Re8 15. Rab1 Nf8 16. Qc2 Bd7 17. Rfc1 Rab8 18. b3 b5 19. e4 bxc4 20. bxc4 fxe4 21. Nxe4 Nxe4 22. Bxe4 Bf5 23. Bxf5 gxf5 24. Nh4 Rxb1 25. Rxb1 e6 26. Bxd6 exd5 27. cxd5 Re1+ 28. Rxe1 Qxe1+ 29. Kh2 Be5+ 30. Bxe5 Qxe5+ 31. g3 f4 32. Qxc5 fxg3+ 33. fxg3 Qe2+ 34. Ng2 Qxa2 35. Qc6 Kg7 36. d6 a5 37. d7 Qd2 38. h4 Nxd7 1/2-1/2